Normal view MARC view
  • Chemical laboratories

Entry Topical Term

Number of records used in: 4

001 - CONTROL NUMBER

  • control field: 741

003 - CONTROL NUMBER IDENTIFIER

  • control field: NUST

005 - DATE AND TIME OF LATEST TRANSACTION

  • control field: 20170515131232.0

008 - FIXED-LENGTH DATA ELEMENTS

  • fixed length control field: 170515|| aca||aabn | a|a d

040 ## - CATALOGING SOURCE

  • Original cataloging agency: NUST
  • Transcribing agency: NUST

150 ## - HEADING--TOPICAL TERM

  • Topical term or geographic name entry element: Chemical laboratories
  • General subdivision: Safety measures
  • Form subdivision: Handbooks, manuals, etc.

670 ## - SOURCE DATA FOUND

  • Source citation: Work cat.: (NUST)0: Furr, A. Keith, 1932- 740, CRC handbook of laboratory safety /, c2000.
© 2023 Central Library, National University of Sciences and Technology. All Rights Reserved.